| 000 | 00662cam a22001814a 4500 | ||
|---|---|---|---|
| 005 | 20250605164336.0 | ||
| 008 | 250528s ||||||||||||||||||||||||d | ||
| 035 | _a23458 | ||
| 040 |
_aGR-AtMCL _bgre _dGR-AtMCL _eAACR2 |
||
| 245 | 1 | _aDoes Steamers Does it Better | |
| 260 | _c2013 | ||
| 520 | _aAbstract, Introduction, Methodology, Participants, Design, Materials, Procedure, Analytic Strategy, Analysis, Discussion, Conclusions, Reflection, References, Appendices, Pilot Study Appendices, Main Study Appendices, Cover Letter. | ||
| 700 | 1 |
_aIordanidis Ilias _99026 |
|
| 700 | 1 |
_aLouka Penelope _99017 |
|
| 942 | _cDS | ||
| 999 |
_c8468 _d8468 |
||